000 00629nam a2200217 a 4500
001 BRL_577
005 20190320210817.0
008 040913s1937----nyua######---#000-1#eng-#
041 _aeng
044 _anyu
050 4 _aPZ5.M81
_b.S59 1937
245 1 0 _aSix Great Stories
_cEdited by Gertrude Moderow...[et al.] ; Illustrated by Alexander Key
260 _aNew York
_bScott Foresman and Company
_c1937
300 _a531 p.
_bil.
_c21 cm.
500 _aAu646
650 1 4 _aLiteratura fantastica
_924341
700 1 _aModerow, Gertrude
_eed.
_924342
700 1 _aKey, Alexander,
_eil.
_924343
902 _aGRL
942 _2lcc
_cB
999 _c9389
_d9389